<?xml version="1.0" encoding="UTF-8"?>
<record
    xmlns:xsi="http://www.w3.org/2001/XMLSchema-instance"
    xsi:schemaLocation="http://www.loc.gov/MARC21/slim http://www.loc.gov/standards/marcxml/schema/MARC21slim.xsd"
    xmlns="http://www.loc.gov/MARC21/slim">

  <leader>02677nam a2200277 a 4500</leader>
  <controlfield tag="001">000001574</controlfield>
  <controlfield tag="005">20200929145626.0</controlfield>
  <controlfield tag="008">090623s2003    dr a          001 0 spa d</controlfield>
  <datafield tag="040" ind1=" " ind2=" ">
    <subfield code="a">DO-SdBNP</subfield>
    <subfield code="b">spa</subfield>
    <subfield code="c">BNPHU</subfield>
  </datafield>
  <datafield tag="082" ind1=" " ind2=" ">
    <subfield code="a">231.7</subfield>
    <subfield code="b">J61e</subfield>
  </datafield>
  <datafield tag="100" ind1="1" ind2=" ">
    <subfield code="a">Jim&#xE9;nez Paniagua, Jes&#xFA;s,</subfield>
    <subfield code="d">1941-</subfield>
    <subfield code="9">5155</subfield>
  </datafield>
  <datafield tag="245" ind1="1" ind2="0">
    <subfield code="a">Enam&#xF3;rate de Jesucristo :</subfield>
    <subfield code="b">(pinceladas de amor de Dios) /</subfield>
    <subfield code="c">Jes&#xFA;s Jim&#xE9;nez Paniagua.</subfield>
  </datafield>
  <datafield tag="246" ind1="1" ind2="4">
    <subfield code="a">Enam&#xF3;rate de Jesucristo :</subfield>
    <subfield code="b">(pinceladas de amor de Dios). El libro que nos ense&#xF1;a a amar y a sentirnos amado por Dios</subfield>
  </datafield>
  <datafield tag="260" ind1=" " ind2=" ">
    <subfield code="a">Santo Domingo :</subfield>
    <subfield code="b">Instituto T&#xE9;cnico Salesiano,</subfield>
    <subfield code="c">2003.</subfield>
  </datafield>
  <datafield tag="300" ind1=" " ind2=" ">
    <subfield code="a">112 p. :</subfield>
    <subfield code="b">il. ;</subfield>
    <subfield code="c">21 cm.</subfield>
  </datafield>
  <datafield tag="500" ind1=" " ind2=" ">
    <subfield code="a">Incluye carta del Mons. Francisco Jos&#xE9; Arnaiz, Obispo Auxiliar: p. 7</subfield>
  </datafield>
  <datafield tag="500" ind1=" " ind2=" ">
    <subfield code="a">Incluye datos biogr&#xE1;ficos del autor en la contracubierta</subfield>
  </datafield>
  <datafield tag="504" ind1=" " ind2=" ">
    <subfield code="a">Bibliograf&#xED;a : p. 112</subfield>
  </datafield>
  <datafield tag="505" ind1="0" ind2=" ">
    <subfield code="g">Presentaci&#xF3;n --</subfield>
    <subfield code="t">Carta de Monse&#xF1;or Arnaiz --</subfield>
    <subfield code="t">Introducci&#xF3;n --</subfield>
    <subfield code="t">Dios es amor --</subfield>
    <subfield code="t">El amor (poema) --</subfield>
    <subfield code="t">Dios te ama --</subfield>
    <subfield code="t">La fuente del amor --</subfield>
    <subfield code="t">Tambi&#xE9;n t&#xFA; puedes amar --</subfield>
    <subfield code="t">Cuando se ama, llega la felicidad --</subfield>
    <subfield code="t">Pinceladas de amor (poema) --</subfield>
    <subfield code="t">Abrazados en el coraz&#xF3;n --</subfield>
    <subfield code="t">El acto m&#xE1;s sublime del amor de Dios --</subfield>
    <subfield code="t">M&#xE1;s sobre el sacramento del amor --</subfield>
    <subfield code="t">Oraci&#xF3;n de San Alfonso Mar&#xED;a de Ligorio --</subfield>
    <subfield code="t">Abrirse al amor de Dios y a su salvaci&#xF3;n --</subfield>
    <subfield code="t">Con amor eterno --</subfield>
    <subfield code="t">Nuevo mandamiento --</subfield>
    <subfield code="t">En las palmas de sus manos --</subfield>
    <subfield code="t">Valoriza tu vida --</subfield>
    <subfield code="t">Amor al pr&#xF3;jimo --</subfield>
    <subfield code="t">Ama y act&#xFA;a --</subfield>
    <subfield code="t">Amor en la familia --</subfield>
    <subfield code="t">Por amor al hombre envi&#xF3; Dios a su hijo &#xFA;nico --</subfield>
    <subfield code="t">Dios te ha elegido por el amor que te tiene --</subfield>
    <subfield code="t">Dios, "el que es", en verdad y amor --</subfield>
    <subfield code="t">Amor eterno, gratuito de Dios --</subfield>
    <subfield code="t">Valor de la salvaci&#xF3;n --</subfield>
    <subfield code="t">Dar respuesta de F&#xE9; a Jes&#xFA;s --</subfield>
    <subfield code="t">La grandeza de Dios y debilidad del hombre --</subfield>
    <subfield code="t">De la ternura y el amor de Dios --</subfield>
    <subfield code="t">En la palma de mis manos --</subfield>
    <subfield code="t">S&#xF3;lo el amor de Dios libera --</subfield>
    <subfield code="t">Vivencia del amor de Dios --</subfield>
    <subfield code="t">El amor, don de Dios --</subfield>
    <subfield code="t">No retirar&#xE9; mi amor --</subfield>
    <subfield code="t">No retirar&#xE9; mi amor --</subfield>
    <subfield code="t">El amor --</subfield>
    <subfield code="t">Dios me ama a m&#xED; --</subfield>
    <subfield code="t">Nada m&#xE1;s perfecto que el amor --</subfield>
    <subfield code="t">Ser amado y amar --</subfield>
    <subfield code="t">Hacia el verdadero amor --</subfield>
    <subfield code="t">El padre me ama --</subfield>
    <subfield code="t">El amor a Jes&#xFA;s por encima de todas las cosas --</subfield>
    <subfield code="t">Amar a Dios, no con amor humano --</subfield>
    <subfield code="t">Mi hijo amado --</subfield>
    <subfield code="t">Amar a Dios de coraz&#xF3;n --</subfield>
    <subfield code="t">Firmeza del amor de Dios --</subfield>
    <subfield code="t">Lema del cristiano: amar y servir --</subfield>
    <subfield code="t">El se&#xF1;or&#xED;o de Jes&#xFA;s, en mi vida, en tu vida --</subfield>
    <subfield code="t">Por amor has sido elegido --</subfield>
    <subfield code="t">Todo lo puedo en aquel que me fortalece --</subfield>
    <subfield code="t">Has presente a Jes&#xFA;s en tu vida.</subfield>
  </datafield>
  <datafield tag="590" ind1=" " ind2=" ">
    <subfield code="a">Inventariado, 2018/BT</subfield>
  </datafield>
  <datafield tag="650" ind1=" " ind2="4">
    <subfield code="a">Jesucristo</subfield>
    <subfield code="9">1304</subfield>
  </datafield>
  <datafield tag="650" ind1=" " ind2="4">
    <subfield code="a">Amor de dios</subfield>
    <subfield code="x">Ense&#xF1;anza b&#xED;blica</subfield>
    <subfield code="9">5156</subfield>
  </datafield>
  <datafield tag="650" ind1=" " ind2="4">
    <subfield code="a">Biblia n.t</subfield>
    <subfield code="x">Comentarios</subfield>
    <subfield code="9">5157</subfield>
  </datafield>
  <datafield tag="650" ind1=" " ind2="4">
    <subfield code="a">Virgen mar&#xED;a</subfield>
    <subfield code="9">5158</subfield>
  </datafield>
  <datafield tag="910" ind1=" " ind2=" ">
    <subfield code="a">Validado. Control de calidad. EMS</subfield>
  </datafield>
  <datafield tag="952" ind1=" " ind2=" ">
    <subfield code="0">0</subfield>
    <subfield code="1">0</subfield>
    <subfield code="5">4</subfield>
    <subfield code="7">0</subfield>
    <subfield code="8">DS</subfield>
    <subfield code="a">GR</subfield>
    <subfield code="b">GR</subfield>
    <subfield code="c">HD</subfield>
    <subfield code="d">2009-09-11</subfield>
    <subfield code="i">LF1</subfield>
    <subfield code="l">0</subfield>
    <subfield code="o">231.7 J61e</subfield>
    <subfield code="p">1574-30</subfield>
    <subfield code="r">2020-06-25</subfield>
    <subfield code="t">e. 3</subfield>
    <subfield code="w">2020-06-25</subfield>
    <subfield code="y">LFDS</subfield>
    <subfield code="Z">Pr&#xE9;stamo en sala</subfield>
  </datafield>
  <datafield tag="952" ind1=" " ind2=" ">
    <subfield code="0">0</subfield>
    <subfield code="1">0</subfield>
    <subfield code="7">1</subfield>
    <subfield code="8">PD</subfield>
    <subfield code="a">PD</subfield>
    <subfield code="b">PD</subfield>
    <subfield code="c">HD</subfield>
    <subfield code="d">2009-09-11</subfield>
    <subfield code="i">LF1</subfield>
    <subfield code="l">0</subfield>
    <subfield code="o">231.7 J61e</subfield>
    <subfield code="p">1574-10</subfield>
    <subfield code="r">2020-06-25</subfield>
    <subfield code="w">2020-06-25</subfield>
    <subfield code="y">LFPD</subfield>
    <subfield code="Z">No se presta</subfield>
  </datafield>
  <datafield tag="952" ind1=" " ind2=" ">
    <subfield code="0">0</subfield>
    <subfield code="1">0</subfield>
    <subfield code="7">1</subfield>
    <subfield code="8">PD</subfield>
    <subfield code="a">PD</subfield>
    <subfield code="b">PD</subfield>
    <subfield code="c">HD</subfield>
    <subfield code="d">2009-09-11</subfield>
    <subfield code="i">LF1</subfield>
    <subfield code="l">0</subfield>
    <subfield code="o">231.7 J61e</subfield>
    <subfield code="p">1574-20</subfield>
    <subfield code="r">2020-06-25</subfield>
    <subfield code="t">e. 2</subfield>
    <subfield code="w">2020-06-25</subfield>
    <subfield code="y">LFPD</subfield>
    <subfield code="Z">No se presta</subfield>
  </datafield>
  <datafield tag="999" ind1=" " ind2=" ">
    <subfield code="c">1471</subfield>
    <subfield code="d">1471</subfield>
  </datafield>
</record>
